000 01097naa a22002777a 4500
001 BR9700615
003 BR-BrBNA
005 20240918181841.0
007 ta
008 230509b bl.||||| |||| 00| 0 por d
040 _aBR-BrBNA
_bpor
_cBiblioteca Nacional de Agricultura
041 _a(Pt)
072 _aE50
090 _aE50 BR9700615
100 1 _aFerreira, L.
111 1 _a12. Encontro do PIPSA
_cCampinas, SP (Brazil)
_d6-9 Apr 1987
245 1 _aA invisibilidade do trabalho feminino rural: o caso das trabalhadoras na cultura do rami, municipio de Urai, Parana
260 3 _aBotucatu, SP (Brasil):
_c1988.
500 _aProjeto de Intercambio de Pesquisa Social em Agricultura. Anais do 12. Encontro do PIPSA Botucatu, SP (Brasil): 1988. v. 2 p. 726-755 (BR9700615-AM)E50
650 _aMulher Rural
650 _aTrabalho
650 _aParana
773 0 _tProjeto de Intercambio de Pesquisa Social em Agricultura. Anais do 12. Encontro do PIPSA
_wE50 BR9700615
_gBotucatu, SP (Brasil), 1988. v. 2 p. 726-755
909 _a202404
_bLucia
_c55
_dLucia Elande
942 _cAM
_2AGRIS
999 _c327145
_d327145